[Event "40 Nezhmetdinov Memorial"]
[Site "Kazan"]
[Date "2018.09.13"]
[Round "1.38"]
[White "Kurinov, Mikhail"]
[Black "Gubajdullin, Alexei"]
[Result "1-0"]
[WhiteElo "1766"]
[BlackElo "2358"]
[PlyCount "120"]
[EventDate "2018.09.13"]

1. e4 c6 2. d4 d5 3. Nd2 dxe4 4. Nxe4 Bf5 5. Ng3 Bg6 6. Nf3 Nd7 7. h4 h6 8. h5
Bh7 9. Bd3 Bxd3 10. Qxd3 Ngf6 11. Bd2 e6 12. O-O-O Qc7 13. Kb1 Be7 14. Ne4 c5
15. c3 c4 16. Nxf6+ Nxf6 17. Qe2 b5 18. Ne5 Qb7 19. g4 Qe4+ 20. Qxe4 Nxe4 21.
Be3 Nf6 22. f3 Nd5 23. Bd2 Bg5 24. f4 Bf6 25. Rde1 a5 26. f5 Ra6 27. fxe6 Rxe6
28. Ng6 Rg8 29. Rxe6+ fxe6 30. Re1 Kd7 31. Kc2 Rb8 32. Ne5+ Bxe5 33. Rxe5 Rf8
34. g5 hxg5 35. Rxg5 Rf7 36. b3 a4 37. Rg1 Kc6 38. bxc4 bxc4 39. Re1 Kd6 40. h6
gxh6 41. Bxh6 Rf2+ 42. Bd2 Rh2 43. Kc1 Rg2 44. Rh1 Rf2 45. Re1 Kd7 46. Rg1 Nf6
47. Re1 Rg2 48. Re5 Rg1+ 49. Re1 Rxe1+ 50. Bxe1 Nd5 51. Kb2 Kc6 52. Ka3 Kb5 53.
Bd2 Ka5 54. Kb2 Nc7 55. Kc2 Kb6 56. Bf4 Nb5 57. Kd2 Kc6 58. Be5 Kd5 59. Bh8 Ke4
60. Be5 Kf3 1-0

[Event "40 Nezhmetdinov Memorial"]
[Site "Kazan"]
[Date "2018.09.13"]
[Round "1.39"]
[White "Ponfilenok, Vladimir"]
[Black "Nikitin, Georgy"]
[Result "1/2-1/2"]
[WhiteElo "2353"]
[BlackElo "1763"]
[PlyCount "80"]
[EventDate "2018.09.13"]

1. d4 Nf6 2. c4 e6 3. g3 d5 4. Nf3 dxc4 5. Bg2 Nbd7 6. O-O c6 7. a4 b5 8. b3
cxb3 9. Qxb3 b4 10. Nfd2 Bb7 11. a5 Rc8 12. a6 Ba8 13. Nc4 Nd5 14. e4 N5b6 15.
Nbd2 Be7 16. Bb2 O-O 17. e5 Nxc4 18. Nxc4 Nb6 19. Na5 Nd5 20. Rfc1 c5 21. Nb7
Qb6 22. Bxd5 exd5 23. Qxd5 Rfd8 24. Qb3 Bxb7 25. axb7 Qxb7 26. dxc5 Bxc5 27.
Rc2 Bf8 28. Rxc8 Rxc8 29. e6 Ra8 30. Ra5 fxe6 31. Qxe6+ Qf7 32. Qc6 Re8 33. Bd4
Re6 34. Qa8 Re1+ 35. Kg2 Qc4 36. Qd8 Qf1+ 37. Kf3 Qe2+ 38. Kg2 Qf1+ 39. Kf3
Qe2+ 40. Kg2 Qf1+ 1/2-1/2

[Event "40 Nezhmetdinov Memorial"]
[Site "Kazan"]
[Date "2018.09.13"]
[Round "1.40"]
[White "Norkin, Yaks"]
[Black "Mamedjarova, Turkan"]
[Result "1/2-1/2"]
[WhiteElo "1752"]
[BlackElo "2312"]
[PlyCount "105"]
[EventDate "2018.09.13"]

1. e4 c6 2. c4 d5 3. exd5 cxd5 4. d4 e6 5. Nc3 Nf6 6. Bg5 Be7 7. Nf3 O-O 8. c5
Ne4 9. Bxe7 Qxe7 10. Bd3 f5 11. O-O Nc6 12. a3 Bd7 13. Bb5 Nb8 14. Bd3 b6 15.
cxb6 axb6 16. Nb5 Nc6 17. Re1 Be8 18. Rc1 Rd8 19. Re2 g5 20. Rec2 g4 21. Nd2
Qh4 22. g3 Qh6 23. Bxe4 dxe4 24. Rxc6 Bxc6 25. Rxc6 e3 26. Nf1 exf2+ 27. Kxf2
f4 28. Qxg4+ Kh8 29. Kg2 fxg3 30. Nxg3 Rf6 31. Nd6 Qd2+ 32. Qe2 Qxd4 33. Nde4
Rg6 34. Qc4 Qxb2+ 35. Qc2 Qd4 36. Qc3 e5 37. Rxg6 Qxc3 38. Nxc3 hxg6 39. Nge4
Rd3 40. Nb5 Kg7 41. Ned6 Rb3 42. a4 Rb4 43. Nc3 g5 44. Nde4 Kg6 45. Kf3 Rc4 46.
h3 Kh5 47. Nd5 Rxa4 48. Nxb6 Ra3+ 49. Kg2 Kh4 50. Nc4 Rxh3 51. Nxe5 Re3 52.
Nf3+ Kg4 53. Nexg5 1/2-1/2

[Event "40 Nezhmetdinov Memorial"]
[Site "Kazan"]
[Date "2018.09.13"]
[Round "1.41"]
[White "Murtazin, Ruslan"]
[Black "Zaripova, Arina"]
[Result "1/2-1/2"]
[WhiteElo "2295"]
[BlackElo "1752"]
[PlyCount "80"]
[EventDate "2018.09.13"]

1. e4 c5 2. Nf3 d6 3. d4 cxd4 4. Nxd4 Nf6 5. Nc3 a6 6. Bc4 e6 7. O-O Be7 8. Be3
O-O 9. f4 Qc7 10. Bb3 Nc6 11. f5 Nxd4 12. Bxd4 b5 13. fxe6 Bxe6 14. Nd5 Bxd5
15. Bxd5 Nxd5 16. exd5 f5 17. Qd3 Qd7 18. Rae1 Bf6 19. Re6 Bxd4+ 20. Qxd4 Rae8
21. Rfe1 Qc8 22. c3 Rxe6 23. dxe6 Qc5 24. Kf2 Qxd4+ 25. cxd4 Rc8 26. d5 Kf8 27.
Ke3 Ke7 28. Kf4 Rc4+ 29. Kxf5 Rd4 30. Re2 Rxd5+ 31. Kf4 Rc5 32. b3 Rc6 33. Kf5
g6+ 34. Ke4 Kxe6 35. Kd4+ Kf7 36. Rf2+ Ke7 37. Re2+ Kd7 38. Rf2 Ke7 39. Re2+
Kd7 40. Rf2 Ke7 1/2-1/2

[Event "40 Nezhmetdinov Memorial"]
[Site "Kazan"]
[Date "2018.09.13"]
[Round "1.42"]
[White "Muldiarov, Valerij"]
[Black "Mukhutdinov, Tigran"]
[Result "0-1"]
[WhiteElo "1737"]
[BlackElo "2273"]
[PlyCount "64"]
[EventDate "2018.09.13"]

1. d4 d5 2. c4 e6 3. Nc3 c6 4. Nf3 dxc4 5. a4 Bb4 6. e3 b5 7. Ne5 Nf6 8. Bd2
O-O 9. axb5 Bxc3 10. Bxc3 cxb5 11. Bb4 Re8 12. Be2 Bb7 13. O-O Nc6 14. Nxc6
Bxc6 15. b3 cxb3 16. Qxb3 a5 17. Bc5 b4 18. Rfc1 Bd5 19. Qa4 Qb8 20. Rab1 Qb7
21. f3 Bc6 22. Qc2 Rec8 23. e4 Bb5 24. Bxb5 Qxb5 25. Qb3 Nd7 26. Bd6 Qb6 27.
Bg3 Qxd4+ 28. Bf2 Qe5 29. Qa4 Qg5 30. Rxc8+ Rxc8 31. Qxd7 Rc1+ 32. Be1 Qe3+ 0-1

[Event "40 Nezhmetdinov Memorial"]
[Site "Kazan"]
[Date "2018.09.13"]
[Round "1.43"]
[White "Makoveev, Ilya"]
[Black "Khusnutdinov, Abdul"]
[Result "1-0"]
[WhiteElo "2271"]
[BlackElo "1724"]
[PlyCount "53"]
[EventDate "2018.09.13"]

1. e4 c6 2. d4 d5 3. f3 e6 4. Nc3 Bb4 5. Bf4 Ne7 6. Qd2 Qa5 7. Nge2 Ng6 8. Be3
Nd7 9. a3 h5 10. Rd1 Be7 11. Nc1 f6 12. Bd3 Kf7 13. O-O Qc7 14. f4 dxe4 15.
Nxe4 Nh4 16. c4 Nf5 17. d5 Nf8 18. d6 Nxd6 19. Nxd6+ Bxd6 20. c5 Be7 21. Bc4
Nd7 22. b4 b5 23. Bxe6+ Ke8 24. Qa2 a5 25. Bg8 Rxg8 26. Qxg8+ Nf8 27. f5 1-0

[Event "40 Nezhmetdinov Memorial"]
[Site "Kazan"]
[Date "2018.09.13"]
[Round "1.44"]
[White "Ismailov, Amir"]
[Black "Skatchkov, Valery"]
[Result "0-1"]
[WhiteElo "1716"]
[BlackElo "2253"]
[PlyCount "74"]
[EventDate "2018.09.13"]

1. Nf3 Nf6 2. d4 e6 3. g3 b6 4. Bg2 Bb7 5. O-O Be7 6. c4 O-O 7. Nc3 Ne4 8. Qc2
Nxc3 9. Qxc3 d6 10. b4 Nd7 11. Bb2 c5 12. dxc5 Bf6 13. Qc2 Bxb2 14. Qxb2 dxc5
15. b5 Qc7 16. Rfd1 Rad8 17. Ng5 h6 18. Nh3 Bxg2 19. Kxg2 Qe5 20. Qc2 Nf6 21.
f4 Ng4 22. fxe5 Ne3+ 23. Kf2 Nxc2 24. Rac1 Nd4 25. g4 f6 26. e3 fxe5+ 27. Kg2
Nc2 28. Rxc2 Rxd1 29. Nf2 Re1 30. e4 Rd8 31. Kf3 a6 32. Rb2 axb5 33. cxb5 Ra8
34. Nd3 Ra3 35. Kf2 Rxe4 36. Rd2 Rd4 37. Ke3 e4 0-1

[Event "40 Nezhmetdinov Memorial"]
[Site "Kazan"]
[Date "2018.09.13"]
[Round "1.45"]
[White "Danielyan, Vahe"]
[Black "Fonichkin, Egor"]
[Result "1-0"]
[WhiteElo "2249"]
[BlackElo "1692"]
[PlyCount "53"]
[EventDate "2018.09.13"]

1. e4 d6 2. d4 Nf6 3. Nc3 c6 4. Nf3 Bg4 5. h3 Bh5 6. Be3 e6 7. Bd3 Bg6 8. Qe2
Be7 9. O-O-O Nbd7 10. g4 h5 11. g5 Nh7 12. Rhg1 Qa5 13. Nh4 Bxg5 14. Nxg6 fxg6
15. f4 Be7 16. Rxg6 O-O-O 17. Rxg7 Bf6 18. Rxh7 Rxh7 19. e5 Rhh8 20. exf6 Nxf6
21. Bf2 Kd7 22. Bh4 Rdf8 23. Re1 Kc7 24. Qxe6 Nd7 25. Be7 Re8 26. Bxd6+ Kb6 27.
Qb3+ 1-0

[Event "40 Nezhmetdinov Memorial"]
[Site "Kazan"]
[Date "2018.09.13"]
[Round "1.46"]
[White "Lazarev, Artem"]
[Black "Zhitnikov, Konstantin"]
[Result "0-1"]
[WhiteElo "1671"]
[BlackElo "2247"]
[PlyCount "56"]
[EventDate "2018.09.13"]

1. e4 c5 2. Nc3 Nc6 3. g3 g6 4. Bg2 Bg7 5. f4 d6 6. Nf3 e6 7. O-O Nge7 8. d3
O-O 9. h3 Nd4 10. Kh1 b6 11. Nxd4 cxd4 12. Ne2 Ba6 13. f5 exf5 14. exf5 Nxf5
15. Bxa8 Qxa8+ 16. Kh2 Qc6 17. Bf4 Ne3 18. Bxe3 Bb7 19. Rg1 dxe3 20. c3 Re8 21.
Qf1 Qb5 22. Qb1 Qh5 23. Nf4 Qh6 24. Qf1 g5 25. Ne2 Re6 26. Qc1 Bf3 27. Nd4
Qxh3+ 28. Kxh3 Rh6# 0-1

[Event "40 Nezhmetdinov Memorial"]
[Site "Kazan"]
[Date "2018.09.13"]
[Round "1.47"]
[White "Filipenko, Alexander V"]
[Black "Nagaeva, Aliia"]
[Result "1-0"]
[WhiteElo "2245"]
[BlackElo "1605"]
[PlyCount "67"]
[EventDate "2018.09.13"]

1. e4 c5 2. Nf3 Nc6 3. d4 cxd4 4. Nxd4 Qc7 5. Nc3 e6 6. g3 a6 7. Bg2 Nf6 8. O-O
Bb4 9. Nxc6 Bxc3 10. bxc3 bxc6 11. f4 d5 12. e5 Ng8 13. Ba3 Ne7 14. Qd4 O-O 15.
Rfb1 Re8 16. Rb6 Nf5 17. Qc5 Bd7 18. Rab1 Reb8 19. Kf2 Rxb6 20. Qxb6 Qc8 21.
Bf1 a5 22. g4 Nh6 23. h3 f6 24. exf6 gxf6 25. Be7 Kf7 26. Bd6 Ng8 27. Qc5 Qd8
28. Rb7 Ne7 29. Bd3 h6 30. Qe3 Nc8 31. Bc5 Ne7 32. f5 exf5 33. Qxh6 Kg8 34.
Qxf6 1-0

[Event "40 Nezhmetdinov Memorial"]
[Site "Kazan"]
[Date "2018.09.13"]
[Round "1.48"]
[White "Guzhova, Amina"]
[Black "Bogdanov, Nikita"]
[Result "0-1"]
[WhiteElo "1554"]
[BlackElo "2244"]
[PlyCount "78"]
[EventDate "2018.09.13"]

1. c4 c6 2. Nc3 d5 3. cxd5 cxd5 4. d4 Nc6 5. Bf4 Nf6 6. Nf3 Nh5 7. Bg3 Nxg3 8.
hxg3 e6 9. e3 Bd7 10. a3 Rc8 11. Bd3 h6 12. Ne5 Nxe5 13. dxe5 Qb6 14. Qe2 Qc7
15. f4 Bc5 16. e4 Bd4 17. Nb5 Bxb5 18. Bxb5+ Ke7 19. Qd2 Qb6 20. exd5 exd5 21.
Rb1 Qxb5 22. Qxd4 Rc2 23. Qb4+ Qxb4+ 24. axb4 Rxg2 25. Rf1 Rc8 26. Kd1 Rcc2 27.
b3 Rc3 28. g4 Rxg4 29. Rb2 Rgg3 30. Rc2 Rxc2 31. Kxc2 Ke6 32. Rd1 Rf3 33. Rd4
b5 34. Kb2 h5 35. Kc2 h4 36. f5+ Kxe5 37. Rxh4 Rxf5 38. Rh7 g5 39. Rg7 Kf4 0-1

[Event "40 Nezhmetdinov Memorial"]
[Site "Kazan"]
[Date "2018.09.13"]
[Round "1.49"]
[White "Shafigullina, Zarina"]
[Black "Khabibullin, Ruslan"]
[Result "1-0"]
[WhiteElo "2242"]
[BlackElo "1517"]
[PlyCount "103"]
[EventDate "2018.09.13"]

1. d4 d5 2. Nf3 e6 3. g3 c5 4. Bg2 cxd4 5. Nxd4 Nf6 6. O-O e5 7. Nb3 Be6 8. Bg5
Be7 9. Nc3 e4 10. Nd4 Nc6 11. Ncb5 a6 12. Nxc6 bxc6 13. Nd4 Bd7 14. c4 O-O 15.
Rb1 a5 16. Qc2 h6 17. Bf4 Qb6 18. Rfd1 Bc5 19. e3 Bg4 20. Ne2 Rfe8 21. h4 Rad8
22. Rdc1 Bxe2 23. Qxe2 Qa6 24. Bf1 Bd6 25. Bxd6 Rxd6 26. cxd5 Qxe2 27. Bxe2
cxd5 28. Rc5 Ra8 29. Rd1 Kf8 30. Rd4 Rb6 31. b3 Rb4 32. Rd2 a4 33. Bd1 axb3 34.
Bxb3 Rd8 35. Rd4 Rxd4 36. exd4 Ke7 37. Kf1 Ke6 38. Ke2 Ng4 39. a4 Nf6 40. Rb5
Rc8 41. Kd2 e3+ 42. Kxe3 Rc3+ 43. Ke2 Rc6 44. a5 Ra6 45. f3 Rc6 46. Kd3 Kd6 47.
Ba2 Ke6 48. g4 g5 49. hxg5 hxg5 50. f4 Rd6 51. fxg5 Ne4 52. Rxd5 1-0

[Event "40 Nezhmetdinov Memorial"]
[Site "Kazan"]
[Date "2018.09.13"]
[Round "1.50"]
[White "Razhbadinov, Rasul"]
[Black "Shoboev, Dandar"]
[Result "0-1"]
[WhiteElo "1516"]
[BlackElo "2237"]
[PlyCount "68"]
[EventDate "2018.09.13"]

1. e4 c5 2. Nf3 e6 3. d4 cxd4 4. Nxd4 Nc6 5. Nb5 d6 6. Be2 a6 7. N5c3 b5 8. a3
Bb7 9. O-O Nf6 10. Be3 Be7 11. Nd2 Rc8 12. f4 O-O 13. g4 d5 14. e5 Nxg4 15.
Nxd5 Nxe3 16. Nxe3 Bc5 17. Rf3 Nd4 18. Rh3 Nxc2 19. Ndf1 Nxe3 20. Nxe3 Qxd1+
21. Rxd1 Rfd8 22. Kf2 Rxd1 23. Bxd1 Bd4 24. Ke2 Bxb2 25. Nc2 Be4 26. Rb3 Bxc2
27. Rxb2 Bxd1+ 28. Kxd1 Rc4 29. Rc2 Rxc2 30. Kxc2 f6 31. Kd3 fxe5 32. fxe5 a5
33. Kd4 b4 34. axb4 axb4 0-1

[Event "40 Nezhmetdinov Memorial"]
[Site "Kazan"]
[Date "2018.09.13"]
[Round "1.51"]
[White "Glukhov, Alexander"]
[Black "Salimova, Dinara"]
[Result "1-0"]
[WhiteElo "2236"]
[BlackElo "1467"]
[PlyCount "85"]
[EventDate "2018.09.13"]

1. e4 c5 2. Nf3 d6 3. Nc3 Nc6 4. d4 cxd4 5. Nxd4 e6 6. g3 a6 7. Bg2 Qc7 8. O-O
Nf6 9. Be3 Be7 10. h3 O-O 11. f4 Nxd4 12. Bxd4 e5 13. Be3 Be6 14. a4 Nd7 15.
Qd2 Nb6 16. b3 Rac8 17. Nd5 Bxd5 18. exd5 Nd7 19. c4 a5 20. Rab1 b6 21. b4 Qxc4
22. Rfc1 Qa6 23. b5 Qb7 24. Rc6 Rfd8 25. Qc3 f6 26. Rc1 Nc5 27. Bxc5 dxc5 28.
d6 Bf8 29. Qc4+ Kh8 30. Qe6 Qb8 31. d7 Rxc6 32. bxc6 Qc7 33. Bd5 Bd6 34. Qe8+
Bf8 35. Qf7 Bd6 36. Be4 Rg8 37. Bxh7 Rd8 38. Qh5 Rb8 39. Bg6+ Kg8 40. Qh7+ Kf8
41. Qh8+ Ke7 42. Qxg7+ Ke6 43. Qf7# 1-0

[Event "40 Nezhmetdinov Memorial"]
[Site "Kazan"]
[Date "2018.09.13"]
[Round "1.52"]
[White "Rafikov, Danis"]
[Black "Anchutin, Nikita"]
[Result "0-1"]
[WhiteElo "1307"]
[BlackElo "2221"]
[PlyCount "72"]
[EventDate "2018.09.13"]

1. e4 c5 2. Nf3 e6 3. d4 cxd4 4. Nxd4 a6 5. c4 Nf6 6. Nc3 d6 7. Be3 b6 8. Be2
Bb7 9. f3 Nbd7 10. O-O Be7 11. Qd2 Qc7 12. Rac1 O-O 13. Rfd1 Rac8 14. a3 Qb8
15. b4 Bd8 16. Bf1 Bc7 17. g3 Rfe8 18. Qf2 Qa8 19. Rc2 Ne5 20. Rdc1 Bb8 21. Na4
Ba7 22. Nb3 b5 23. Nb6 Bxb6 24. Bxb6 bxc4 25. Bxc4 d5 26. exd5 Rxc4 27. Rxc4
Bxd5 28. R4c3 Nxf3+ 29. Rxf3 Bxf3 30. Rf1 Bd5 31. Nc5 Bc4 32. Rd1 Nd5 33. Ne4
Nxb6 34. Nd6 Rf8 35. Qxb6 Qf3 36. Rc1 Bd5 0-1

[Event "40 Nezhmetdinov Memorial"]
[Site "Kazan"]
[Date "2018.09.13"]
[Round "1.53"]
[White "Pogorelskikh, Sergey"]
[Black "Khanukaev, Mark"]
[Result "1/2-1/2"]
[WhiteElo "2202"]
[BlackElo "1182"]
[PlyCount "57"]
[EventDate "2018.09.13"]

1. e4 e5 2. Nf3 Nc6 3. Bb5 a6 4. Ba4 Nf6 5. d3 b5 6. Bb3 Bc5 7. O-O d6 8. c3
Bg4 9. Bg5 h6 10. Bh4 g5 11. Bg3 Bb6 12. a4 Ne7 13. axb5 axb5 14. Rxa8 Qxa8 15.
Nbd2 Ng6 16. h3 Bh5 17. Qa1 Qxa1 18. Rxa1 Ke7 19. Kf1 Nf4 20. Bxf4 gxf4 21. Nh4
Bg6 22. Ndf3 Bh7 23. Ke2 Nd7 24. Bd5 Rb8 25. Ra8 Rxa8 26. Bxa8 Nb8 27. Bd5 c6
28. Bb3 Nd7 29. Bc2 1/2-1/2

[Event "40 Nezhmetdinov Memorial"]
[Site "Kazan"]
[Date "2018.09.14"]
[Round "2.11"]
[White "Mukhutdinov, Tigran"]
[Black "Frolyanov, Dmitry"]
[Result "0-1"]
[WhiteElo "2273"]
[BlackElo "2532"]
[PlyCount "86"]
[EventDate "2018.09.13"]

1. e4 c5 2. Nf3 d6 3. d4 cxd4 4. Nxd4 Nf6 5. Nc3 a6 6. g3 e6 7. Bg2 Be7 8. O-O
O-O 9. a4 Qc7 10. h3 Nc6 11. Nde2 b6 12. f4 Bb7 13. Be3 Nd7 14. Qd2 Rfe8 15.
Rfd1 Rad8 16. Nd4 Bf8 17. Nce2 Na5 18. Qc3 Qb8 19. Qe1 Qa8 20. Nc3 Nc4 21. Bc1
e5 22. fxe5 Ncxe5 23. Qf2 Nc5 24. Bf4 Nxe4 25. Nxe4 Bxe4 26. Bxe4 Qxe4 27. Rf1
f6 28. Rae1 Qb7 29. Re2 Qd7 30. a5 bxa5 31. Qg2 Qf7 32. Rfe1 Qc4 33. Nf5 a4 34.
Ne3 Qb5 35. c4 Qc5 36. Qe4 f5 37. Qxf5 Nf3+ 38. Kf2 Nxe1 39. Rxe1 Qxf5 40. Nxf5
Rxe1 41. Kxe1 g6 42. Ne3 Bg7 43. Nd1 Bxb2 0-1

[Event "40 Nezhmetdinov Memorial"]
[Site "Kazan"]
[Date "2018.09.14"]
[Round "2.12"]
[White "Iljiushenok, Ilia"]
[Black "Makoveev, Ilya"]
[Result "1/2-1/2"]
[WhiteElo "2532"]
[BlackElo "2271"]
[PlyCount "99"]
[EventDate "2018.09.13"]

1. e4 e5 2. Nf3 Nc6 3. Bb5 a6 4. Ba4 Nf6 5. O-O Be7 6. d3 b5 7. Bb3 d6 8. a4
Bd7 9. c3 O-O 10. h3 Na5 11. Bc2 c5 12. Re1 Re8 13. Nbd2 Bf8 14. Nf1 h6 15. Ne3
g6 16. Bd2 Bg7 17. Nh2 c4 18. axb5 axb5 19. Nhg4 Nxg4 20. hxg4 Be6 21. Nd5 Bxd5
22. exd5 cxd3 23. Bxd3 Nc4 24. Qe2 Rxa1 25. Rxa1 Nxd2 26. Bxb5 Nb3 27. Ra3 Nd4
28. cxd4 Re7 29. dxe5 Rxe5 30. Re3 Rxe3 31. Qxe3 Bxb2 32. Qxh6 Bg7 33. Qe3 Qa8
34. Qf3 Qa1+ 35. Bf1 Qc3 36. Qe4 Be5 37. g3 Qd4 38. Qf3 Kg7 39. Bd3 Bf6 40. Kg2
Qe5 41. Be4 Qc3 42. Qe2 Qb2 43. Qd3 Qd4 44. g5 Be5 45. Qe2 Qb2 46. Qe3 Qd4 47.
Qe1 Qc3 48. Qh1 Qd2 49. Qf1 Bd4 50. Bf3 1/2-1/2

[Event "40 Nezhmetdinov Memorial"]
[Site "Kazan"]
[Date "2018.09.14"]
[Round "2.13"]
[White "Skatchkov, Valery"]
[Black "Yudin, Sergei"]
[Result "0-1"]
[WhiteElo "2253"]
[BlackElo "2525"]
[PlyCount "56"]
[EventDate "2018.09.13"]

1. d4 Nf6 2. c4 g6 3. Nf3 Bg7 4. Nc3 O-O 5. g3 b6 6. Bg2 Bb7 7. Qc2 d5 8. cxd5
Nxd5 9. O-O Nxc3 10. bxc3 c5 11. dxc5 bxc5 12. Rb1 Bc6 13. c4 Nd7 14. Bd2 e5
15. e4 f5 16. exf5 gxf5 17. Bg5 Qe8 18. Rbd1 e4 19. Nh4 Ne5 20. Rd6 Rc8 21. Be3
Nd3 22. Bh6 Qe5 23. Bxg7 Kxg7 24. Rxd3 exd3 25. Qxd3 Be4 26. Qd7+ Kh8 27. Re1
Qc3 28. Rd1 Rcd8 0-1

[Event "40 Nezhmetdinov Memorial"]
[Site "Kazan"]
[Date "2018.09.14"]
[Round "2.14"]
[White "Lintchevski, Daniil"]
[Black "Danielyan, Vahe"]
[Result "1-0"]
[WhiteElo "2519"]
[BlackElo "2249"]
[PlyCount "107"]
[EventDate "2018.09.13"]

1. Nf3 Nf6 2. c4 e6 3. Nc3 d5 4. d4 Be7 5. Bg5 O-O 6. e3 b6 7. Rc1 Bb7 8. Bxf6
Bxf6 9. cxd5 exd5 10. Bd3 c5 11. O-O Nd7 12. Bb1 Re8 13. Re1 Nf8 14. Qd3 Rc8
15. Rcd1 g6 16. dxc5 bxc5 17. Nxd5 Qxd5 18. Qxd5 Bxd5 19. Rxd5 Bxb2 20. Bc2 Ne6
21. Rd7 a5 22. Rb1 Rb8 23. Bb3 Rec8 24. Nd2 Bg7 25. Nc4 a4 26. Bc2 Rb4 27. Bd3
Rd8 28. Rxd8+ Nxd8 29. Rc1 Nc6 30. f4 Rb8 31. a3 Ne7 32. Bc2 Nd5 33. Rd1 Nc3
34. Rd7 Nb5 35. Rd3 Nc3 36. Rd6 h6 37. Kf2 g5 38. g3 Nb1 39. Kf3 gxf4 40. gxf4
Bf8 41. Rd7 Bg7 42. Rc7 Bf8 43. e4 Nd2+ 44. Nxd2 Rb2 45. Bxa4 Rxd2 46. Bb5 Rxh2
47. Bc4 Rh3+ 48. Kg4 Rxa3 49. Rxf7 Re3 50. Be6 Rxe4 51. Kf5 Re1 52. Kg6 Rg1+
53. Kf6 Rf1 54. Rg7+ 1-0

[Event "40 Nezhmetdinov Memorial"]
[Site "Kazan"]
[Date "2018.09.14"]
[Round "2.15"]
[White "Zhitnikov, Konstantin"]
[Black "Levin, Evgeny A"]
[Result "0-1"]
[WhiteElo "2247"]
[BlackElo "2516"]
[PlyCount "66"]
[EventDate "2018.09.13"]

1. e4 c5 2. c3 Nf6 3. e5 Nd5 4. d4 cxd4 5. Nf3 e6 6. cxd4 d6 7. Bc4 Nc6 8. O-O
Be7 9. Bd2 O-O 10. Nc3 dxe5 11. dxe5 Nb6 12. Bb3 Na5 13. Bc2 Nac4 14. Qe2 Nxd2
15. Nxd2 Bd7 16. Nde4 Bc6 17. Rfd1 Nd7 18. Nd6 Qa5 19. Nxb7 Qxe5 20. Qa6 Nb8
21. Qd3 g6 22. Nd6 Rd8 23. Nc4 Qf4 24. Qe2 Nd7 25. Na5 Bxg2 26. Kxg2 Qg5+ 27.
Kh1 Qxa5 28. Be4 Rab8 29. a3 Bf6 30. Rac1 Qe5 31. Rc2 Nc5 32. Rcd2 Rxd2 33.
Rxd2 Qf4 0-1

[Event "40 Nezhmetdinov Memorial"]
[Site "Kazan"]
[Date "2018.09.14"]
[Round "2.16"]
[White "Maiorov, Nikita"]
[Black "Filipenko, Alexander V"]
[Result "1-0"]
[WhiteElo "2512"]
[BlackElo "2245"]
[PlyCount "79"]
[EventDate "2018.09.13"]

1. d4 d5 2. c4 c6 3. Nc3 Nf6 4. e3 e6 5. Nf3 Nbd7 6. Qc2 Bd6 7. Bd3 dxc4 8.
Bxc4 b5 9. Be2 Bb7 10. O-O O-O 11. Rd1 Qc7 12. Bd2 a6 13. b4 e5 14. a3 Rae8 15.
Bd3 g6 16. h3 Re7 17. Ng5 exd4 18. exd4 Rfe8 19. Rac1 Bh2+ 20. Kh1 Bf4 21. Nf3
Qd6 22. Bf1 Nh5 23. Kg1 f5 24. Bxf4 Nxf4 25. Qd2 Kg7 26. g3 Nd5 27. Bg2 N5b6
28. Qa2 h6 29. Rc2 Qe6 30. Qa1 Qb3 31. Rdc1 Nc4 32. d5 Kh7 33. dxc6 Bxc6 34.
Nd4 Qxa3 35. Nxc6 Qxa1 36. Rxa1 Re1+ 37. Rxe1 Rxe1+ 38. Kh2 h5 39. Re2 Rxe2 40.
Nxe2 1-0

[Event "40 Nezhmetdinov Memorial"]
[Site "Kazan"]
[Date "2018.09.14"]
[Round "2.17"]
[White "Bogdanov, Nikita"]
[Black "Khanin, Semen"]
[Result "0-1"]
[WhiteElo "2244"]
[BlackElo "2507"]
[PlyCount "74"]
[EventDate "2018.09.13"]

1. e4 e5 2. Nf3 Nc6 3. Bb5 a6 4. Ba4 b5 5. Bb3 g6 6. c3 Bg7 7. O-O Nge7 8. d4
exd4 9. cxd4 O-O 10. Be3 Na5 11. Nc3 d6 12. Qd2 Nxb3 13. axb3 f5 14. e5 Bb7 15.
Ng5 dxe5 16. Ne6 Qd6 17. Nxf8 f4 18. dxe5 Qc6 19. f3 fxe3 20. Qxe3 Rxf8 21.
Rfe1 Nf5 22. Qd3 Qc5+ 23. Kh1 Bxe5 24. Ne4 Qd4 25. Qxd4 Bxd4 26. Rac1 Ne3 27.
Nc5 Bc8 28. Re2 a5 29. Rd2 Nf5 30. Re2 Be3 31. Rc3 Bd4 32. Rc1 Rd8 33. Ne4 Bb6
34. Nf6+ Kf7 35. Nxh7 Ng3+ 36. hxg3 Rh8 37. Re4 g5 0-1

[Event "40 Nezhmetdinov Memorial"]
[Site "Kazan"]
[Date "2018.09.14"]
[Round "2.18"]
[White "Harutyunian, Tigran K"]
[Black "Shafigullina, Zarina"]
[Result "1-0"]
[WhiteElo "2504"]
[BlackElo "2242"]
[PlyCount "207"]
[EventDate "2018.09.13"]

1. Nf3 Nf6 2. g3 b6 3. Bg2 Bb7 4. O-O e6 5. c4 c5 6. Nc3 Be7 7. d4 cxd4 8. Qxd4
d6 9. Bg5 a6 10. Bxf6 Bxf6 11. Qf4 Qc7 12. Rfd1 Be7 13. Ng5 O-O 14. Bxb7 Qxb7
15. Nge4 Qc7 16. Nxd6 Nc6 17. Nde4 Qxf4 18. gxf4 Rad8 19. Kg2 h6 20. Rxd8 Rxd8
21. Rd1 Rxd1 22. Nxd1 Na5 23. b3 b5 24. cxb5 axb5 25. Nb2 Kf8 26. Nd3 b4 27.
Ne5 Ke8 28. Kf3 f6 29. Nd3 Nc6 30. e3 Kf7 31. Ke2 Na7 32. Kd2 Nb5 33. Nc1 Kg6
34. Ne2 Kh5 35. f3 Kh4 36. Nf2 Bd6 37. Ke1 Bc5 38. Kd2 Bd6 39. Kd3 Be7 40. Ng3
f5 41. Kc4 Na3+ 42. Kd4 Bf6+ 43. Kd3 Bc3 44. Ke2 Nb5 45. Kf1 Bd2 46. Nd1 g6 47.
Kf2 Kh3 48. Kg1 Bc1 49. Nf1 Nc3 50. Nf2+ Kh4 51. Nd3 Nxa2 52. Kg2 g5 53. fxg5
Kxg5 54. f4+ Kg6 55. Kf3 Ba3 56. Nd2 Nc3 57. Nc4 Kf7 58. Nce5+ Kf6 59. Nc6 Nd5
60. Ke2 Kg6 61. Kd2 Kf6 62. Nd4 Nc3 63. Nc5 Nd5 64. Ndxe6 Bb2 65. Nd8 Ke7 66.
Ndb7 Bc3+ 67. Kd3 Be1 68. Ke2 Bc3 69. Na5 Kd6 70. Na4 Bf6 71. Nc4+ Kc6 72. Nab2
Nc3+ 73. Kd3 Ne4 74. Ke2 Nc3+ 75. Kf3 Ne4 76. Nd3 Kb5 77. Ke2 Bc3 78. Kd1 Bf6
79. Kc2 Bc3 80. Nde5 Bxe5 81. Nxe5 Nd6 82. Kd3 Kc5 83. Ng6 Ne4 84. Ne7 Nd6 85.
h3 h5 86. h4 Kb5 87. Kd4 Ne4 88. Nxf5 Nd2 89. Kd3 Nxb3 90. Nd4+ Ka4 91. Ne6 Na5
92. f5 Nc6 93. f6 Ne5+ 94. Ke4 Nf7 95. Kf5 Kb5 96. Nd4+ Kc4 97. Ke6 Nh8 98. f7
Ng6 99. Kf6 Nf8 100. Kg7 Nd7 101. Nc6 Kd5 102. Nxb4+ Ke4 103. Na6 Kxe3 104. Nb8
1-0

[Event "40 Nezhmetdinov Memorial"]
[Site "Kazan"]
[Date "2018.09.14"]
[Round "2.19"]
[White "Shoboev, Dandar"]
[Black "Gabrielian, Artur"]
[Result "0-1"]
[WhiteElo "2237"]
[BlackElo "2503"]
[PlyCount "66"]
[EventDate "2018.09.13"]

1. d4 Nf6 2. c4 c5 3. d5 e6 4. Nc3 exd5 5. cxd5 d6 6. Nf3 g6 7. g3 Bg7 8. Bg2
O-O 9. O-O Re8 10. Bf4 Na6 11. Re1 Bg4 12. e4 c4 13. Qa4 Bxf3 14. Bxf3 Rc8 15.
Nb5 Nc5 16. Qxc4 Ncxe4 17. Qd3 Qb6 18. Bxe4 Nxe4 19. Rxe4 Rxe4 20. Qxe4 Qxb5
21. Bxd6 Rd8 22. Ba3 Rxd5 23. Rc1 Rd8 24. Qc4 Qf5 25. Qc7 Qd5 26. Re1 h5 27. b3
Bf6 28. Qf4 Qc6 29. Bc1 h4 30. Qg4 hxg3 31. hxg3 Qd5 32. Be3 Kh7 33. Bxa7 Qa5
0-1

[Event "40 Nezhmetdinov Memorial"]
[Site "Kazan"]
[Date "2018.09.14"]
[Round "2.20"]
[White "Glukhov, Alexander"]
[Black "Kabanov, Nikolai"]
[Result "1/2-1/2"]
[WhiteElo "2236"]
[BlackElo "2484"]
[PlyCount "90"]
[EventDate "2018.09.13"]

1. d4 Nf6 2. Nf3 g6 3. c4 Bg7 4. g3 O-O 5. Bg2 d6 6. O-O Nc6 7. Nc3 Bf5 8. Nh4
Bd7 9. d5 Ne5 10. Qb3 Qc8 11. f4 Neg4 12. h3 Nh6 13. Kh2 c6 14. e4 cxd5 15.
Nxd5 Nxd5 16. cxd5 Qc5 17. f5 Qb5 18. Bg5 Qxb3 19. axb3 gxf5 20. exf5 f6 21.
Be3 Nf7 22. Rfc1 Rfc8 23. Rxc8+ Bxc8 24. Rxa7 Rxa7 25. Bxa7 Bh6 26. Be4 Ne5 27.
g4 Bd7 28. Nf3 Nxf3+ 29. Bxf3 Bf4+ 30. Kg2 Be5 31. Be2 Bxb2 32. Kf3 Bc1 33. Ke4
Kg7 34. Bf2 Bg5 35. Bg3 Kf7 36. h4 Bd2 37. Bf4 Bxf4 38. Kxf4 h6 39. Bd3 Ke8 40.
Ke3 Kd8 41. Kd4 Kc7 42. Kc3 Kb6 43. Kb4 Be8 44. Be2 Bd7 45. Bd3 Be8 1/2-1/2